Grans monuments romànics i gòtics : (Record no. 41872)

MARC details
000 -LEADER
campo de control de longitud fija 00829nam a2200241 i 4500
001 - NÚMERO DE CONTROL
campo de control 41872
003 - IDENTIFICADOR DE NÚMERO DE CONTROL
campo de control ES-MaACL
005 - FECHA Y HORA DE LA ÚLTIMA TRANSACCIÓN
campo de control 20230906160516.0
007 - CAMPO FIJO DE DESCRIPCIÓN FÍSICA--INFORMACIÓN GENERAL
campo de control de longitud fija t|
008 - DATOS DE LONGITUD FIJA--INFORMACIÓN GENERAL
campo de control de longitud fija 030312s1977 sp ||||1| cat d
020 ## - NÚMERO INTERNACIONAL ESTÁNDAR DEL LIBRO
Número Internacional Estándar del Libro 84-297-1335-2
080 ## - NÚMERO DE LA CLASIFICACIÓN DECIMAL UNIVERSAL
Número de la Clasificación Decimal Universal 72.033.4/.5
100 1# - ENTRADA PRINCIPAL--NOMBRE DE PERSONA
Nombre de persona Carbonell, Eduard.
9 (RLIN) 35038
245 10 - MENCIÓN DEL TÍTULO
Título Grans monuments romànics i gòtics :
Resto del título de Sant Pere de Rodes a la Catedral de Mallorca /
Mención de responsabilidad, etc. textos, Eduard Carbonell i Alexandre Cirici ; fotografies, Jordi Gumí.
250 ## - MENCION DE EDICION
Mención de edición 1ª ed.
260 ## - PUBLICACIÓN, DISTRIBUCIÓN, ETC.
Lugar de publicación, distribución, etc. Barcelona :
Nombre del editor, distribuidor, etc. Ediciones 62,
Fecha de publicación, distribución, etc. 1977.
300 ## - DESCRIPCIÓN FÍSICA
Extensión 223 p., 64 lám. :
Otras características físicas il. ;
Dimensiones 30 cm.
650 #4 - PUNTO DE ACCESO ADICIONAL DE MATERIA--TÉRMINO DE MATERIA
Término de materia o nombre geográfico como elemento de entrada Arquitectura románica-
Subdivisión geográfica Cataluña.
9 (RLIN) 151046
650 #4 - PUNTO DE ACCESO ADICIONAL DE MATERIA--TÉRMINO DE MATERIA
Término de materia o nombre geográfico como elemento de entrada Arquitectura gótica-
Subdivisión geográfica Cataluña.
9 (RLIN) 165040
700 1# - ENTRADA AGREGADA--NOMBRE PERSONAL
Nombre de persona Cirici, Alexandre.
9 (RLIN) 38890
700 1# - ENTRADA AGREGADA--NOMBRE PERSONAL
Nombre de persona Gumí, Jordi.
9 (RLIN) 60946
852 4# - LOCALIZACIÓN
Ubicación ES-MaACL
Número de control de estantería A-7516
Holdings
Estatus retirado Estado de pérdida Estado de daño No para préstamo Biblioteca de origen Biblioteca actual Ubicación en estantería Fecha de adquisición Fuente de adquisición Total de préstamos Signatura topográfica completa Código de barras Visto por última vez Precio de reemplazo Tipo de ítem Koha
        Biblioteca del Ateneo de Madrid Biblioteca del Ateneo de Madrid Sala Pecera Planta 1 17/01/2008     A-7516 1044077 23/02/2023 23/02/2023 Libro impreso